000 00350pam a2200157a 44500
008 230515b1983 xxu||||| |||| 00| 0 eng d
020 _aNULL
041 _aENGLISH
082 _aN.D.
100 _aGupta A.K. /Gupta R.C.
245 _aMaterial Science
250 _a0
260 _aNULL
_bS. Chand & Co.
_c1983
300 _a558
650 _aNULL
999 _c572166
_d572166